[Event "283rd YMCA Winter B"]
[Site "Warsaw"]
[Date "2024.03.07"]
[Round "9"]
[White "Kuc, Mariusz"]
[Black "Kasperski, Marcin"]
[Result "1/2-1/2"]
[WhiteElo "1552"]
[BlackElo "1636"]
[PlyCount "127"]
[EventDate "2024.01.11"]
[EventType "tourn"]
[EventRounds "1"]
[EventCountry "POL"]
[SourceDate "2024.01.10"]

1. e4 e6 2. d4 d5 3. e5 c5 4. c3 Nc6 5. Nf3 Bd7 6. Be2 Qb6 7. a3 Rc8 8. O-O
cxd4 9. cxd4 Nge7 10. b4 Nf5 11. Bb2 Na5 12. Nc3 Nc4 13. Bxc4 Rxc4 14. Na4 Qc7
15. Nc5 b6 16. Nd3 Be7 17. Rc1 O-O 18. Rxc4 dxc4 19. Nf4 Bc6 20. Qe2 Bxf3 21.
Qxf3 Nh4 22. Qg4 Ng6 23. Ne2 Rc8 24. f4 Qd7 25. Rd1 Rd8 26. Nc3 Bf8 27. Ne4 Qa4
28. Rd2 Qb3 29. Kf2 h5 30. Qf3 Qxf3+ 31. Kxf3 Nh4+ 32. Kf2 Nf5 33. b5 Be7 34.
a4 Bb4 35. Rc2 Rc8 36. Ke2 Kf8 37. Ng3 Nxg3+ 38. hxg3 Ke8 39. Bc3 Be7 40. Kf3
f5 41. exf6 gxf6 42. g4 hxg4+ 43. Kxg4 f5+ 44. Kf3 Kd7 45. g4 fxg4+ 46. Kxg4
Bf6 47. f5 Rg8+ 48. Kf4 Rg5 49. fxe6+ Kxe6 50. d5+ Rxd5 51. Bxf6 Kxf6 52. Rxc4
Rd7 53. Rc6+ Ke7 54. Ke5 Rb7 55. Rh6 Rc7 56. Rh7+ Kd8 57. Rh8+ Kd7 58. Rh7+ Kc8
59. Rh8+ Kb7 60. Kd6 Rg7 61. Rh6 a5 62. Rf6 Rh7 63. Rg6 Rf7 64. Rh6 $11 1/2-1/2

[Event "283rd YMCA Winter B"]
[Site "Warsaw"]
[Date "2024.03.05"]
[Round "9"]
[White "Bartczak, Hanna"]
[Black "Mlynarski, Zbigniew"]
[Result "0-1"]
[WhiteElo "1479"]
[BlackElo "1584"]
[PlyCount "78"]
[EventDate "2024.01.11"]
[EventType "tourn"]
[EventRounds "1"]
[EventCountry "POL"]
[SourceDate "2024.01.10"]

1. d4 Nf6 2. c4 d6 3. Nc3 g6 4. e4 Bg7 5. f3 c5 6. d5 O-O 7. Be3 Bd7 8. Qd2 a6
9. Bh6 Qa5 10. g4 b5 11. Bxg7 Kxg7 12. h4 bxc4 13. Bxc4 Qb4 14. Bb3 h6 15. g5
hxg5 16. hxg5 Nh5 17. Nge2 a5 18. Nf4 Nxf4 19. Qxf4 Na6 20. O-O-O Rh8 21. Rh6
a4 22. Rdh1 axb3 23. Rxh8 Rxh8 24. Rxh8 bxa2 25. Nxa2 Qe1+ 26. Kc2 Kxh8 27.
Qxf7 Qe2+ 28. Kb1 Qd3+ 29. Kc1 Qe3+ 30. Kb1 Qxg5 31. Qf8+ Kh7 32. Qf7+ Kh6 33.
Qf8+ Kh5 34. Qh8+ Qh6 35. Qd8 Bb5 36. Qxe7 Bd3+ 37. Ka1 Nb4 38. Qxd6 Nc2+ 39.
Kb1 Nd4+ 0-1

[Event "283rd YMCA Winter B"]
[Site "Warsaw"]
[Date "2024.02.16"]
[Round "9"]
[White "Emmel, Bartosz"]
[Black "Czerwinski, Bartlomiej"]
[Result "0-1"]
[WhiteElo "1638"]
[BlackElo "1603"]
[PlyCount "40"]
[EventDate "2024.01.11"]
[EventType "tourn"]
[EventRounds "1"]
[EventCountry "POL"]
[SourceDate "2024.01.10"]

1. e4 c5 2. Nf3 e6 3. d4 cxd4 4. Nxd4 Nc6 5. Nc3 Qc7 6. Be3 a6 7. Bd3 b5 8. O-O
Bb7 9. Qd2 Nf6 10. Rae1 Be7 11. f4 O-O 12. Rf3 Ng4 13. Rg3 Nxe3 14. Qxe3 Nxd4
15. Kh1 Bc5 16. Qd2 f5 17. Qd1 Rf6 18. Rf1 Raf8 19. Qh5 b4 20. e5 Rg6 0-1

[Event "283rd YMCA Winter B"]
[Site "Warsaw"]
[Date "2024.03.14"]
[Round "10"]
[White "Mlynarski, Zbigniew"]
[Black "Emmel, Bartosz"]
[Result "0-1"]
[WhiteElo "1584"]
[BlackElo "1638"]
[PlyCount "64"]
[EventDate "2024.01.11"]
[EventType "tourn"]
[EventRounds "1"]
[EventCountry "POL"]
[SourceDate "2024.01.10"]

1. d4 Nf6 2. Nf3 g6 3. c4 c5 4. d5 d6 5. Nc3 Bg7 6. e4 O-O 7. Be2 e6 8. O-O
exd5 9. exd5 Bg4 10. h3 Bxf3 11. Bxf3 Nbd7 12. Bf4 Nb6 13. Qb3 a6 14. a4 Qc7
15. Rfe1 Rfe8 16. Rad1 Rad8 17. Qa2 Re7 18. a5 Nc8 19. Rxe7 Nxe7 20. Re1 Nf5
21. Ne4 Nd4 22. Bd1 Nxe4 23. Rxe4 Qd7 24. Qa4 f5 25. Re3 Kf7 26. Qa3 Re8 27.
Ba4 Rxe3 28. fxe3 Qe7 29. exd4 Qe1+ 30. Kh2 Bxd4 31. Qf3 Bg1+ 32. Kh1 Bf2+ 0-1

[Event "283rd YMCA Winter B"]
[Site "Warsaw"]
[Date "2024.03.12"]
[Round "10"]
[White "Kasperski, Marcin"]
[Black "Bartczak, Hanna"]
[Result "1-0"]
[WhiteElo "1636"]
[BlackElo "1479"]
[PlyCount "55"]
[EventDate "2024.01.11"]
[EventType "tourn"]
[EventRounds "1"]
[EventCountry "POL"]
[SourceDate "2024.01.10"]

1. f4 e5 2. fxe5 d6 3. exd6 Bxd6 4. Nf3 g5 5. g3 g4 6. Nh4 Ne7 7. d3 Ng6 8. Ng2
h5 9. Be3 h4 10. gxh4 Nxh4 11. Nc3 g3 12. Qd2 Bh3 13. Bg5 Nxg2+ 14. Bxg2 f6 15.
Qe3+ Kf7 16. Bd5+ Kg7 17. Bf4 Bxf4 18. Qxf4 c6 19. Qxg3+ Kf8 20. Bb3 Nd7 21.
Rg1 Ke7 22. O-O-O Qf8 23. Ne4 Qh6+ 24. Kb1 f5 25. Qg7+ Qxg7 26. Rxg7+ Kd8 27.
Ng5 Kc7 28. Be6 1-0

[Event "283rd YMCA Winter B"]
[Site "Warsaw"]
[Date "2024.03.14"]
[Round "10"]
[White "Gospodarczyk, Wlodzimierz"]
[Black "Kuc, Mariusz"]
[Result "1-0"]
[WhiteElo "1616"]
[BlackElo "1552"]
[PlyCount "67"]
[EventDate "2024.01.11"]
[EventType "tourn"]
[EventRounds "1"]
[EventCountry "POL"]
[SourceDate "2024.01.10"]

1. Nf3 f5 2. g3 Nf6 3. c4 d6 4. d4 g6 5. Nc3 Bg7 6. Bg2 O-O 7. O-O Qe8 8. e4
fxe4 9. Ng5 Nc6 10. d5 Ne5 11. Ncxe4 Nxe4 12. Bxe4 Nxc4 13. Nxh7 Bh3 14. Nxf8
Qxf8 15. Bxg6 Ne5 16. Qh5 Nxg6 17. Qxh3 Bd4 18. Qe6+ Qf7 19. Qxf7+ Kxf7 20. Be3
Bf6 21. f4 Ke8 22. Rac1 Kd7 23. b3 Re8 24. Rc4 e6 25. dxe6+ Rxe6 26. f5 Rxe3
27. fxg6 Re6 28. Rg4 Bg7 29. Rf7+ Re7 30. Rgf4 Be5 31. Rxe7+ Kxe7 32. Rf7+ Ke6
33. Rxc7 d5 34. g7 1-0

[Event "283rd YMCA Winter B"]
[Site "Warsaw"]
[Date "2024.03.14"]
[Round "10"]
[White "Jaroszuk, Marcin"]
[Black "Kwiecinski, Rafal"]
[Result "1/2-1/2"]
[WhiteElo "1529"]
[BlackElo "1496"]
[PlyCount "112"]
[EventDate "2024.01.11"]
[EventType "tourn"]
[EventRounds "1"]
[EventCountry "POL"]
[SourceDate "2024.01.10"]

1. Nf3 Nf6 2. g3 d5 3. Bg2 Nbd7 4. d4 c6 5. O-O g6 6. c4 e6 7. Nbd2 Bg7 8. Qc2
O-O 9. e4 dxe4 10. Nxe4 Nxe4 11. Qxe4 Nf6 12. Qh4 Nh5 13. Qxd8 Rxd8 14. Be3 Bf6
15. Rad1 Bd7 16. b3 Ng7 17. Rd2 Nf5 18. Rfd1 Be8 19. Bg5 Bxg5 20. Nxg5 Ne7 21.
d5 exd5 22. cxd5 Nxd5 23. Nh3 Rd7 24. Bxd5 Rxd5 25. Rxd5 cxd5 26. Nf4 $11 Rd8
27. Nxd5 Kf8 28. Ne3 Rxd1+ 29. Nxd1 Bc6 30. f4 Ke7 31. b4 a6 32. Kf2 Kd6 33.
Ne3 f6 34. Ke2 h5 35. h4 Be4 36. Kd2 b6 37. Kc3 Bb7 38. Kd4 Bh1 39. a3 Kc6 40.
Kc3 Kb5 41. Kb2 Bb7 42. Kc3 Bh1 43. Kb2 a5 44. bxa5 bxa5 45. Kc3 Kc5 46. Nc4 a4
47. Nb2 Bc6 48. Nd3+ Kd6 49. Kd4 Ke6 50. Kc5 Be8 51. Kd4 Kf5 52. Nf2 Bc6 53.
Kc5 Be8 54. Kd4 Bf7 55. Kc5 Bb3 56. Kd4 Bc2 $11 1/2-1/2

[Event "283rd YMCA Winter B"]
[Site "Warsaw"]
[Date "2024.03.13"]
[Round "10"]
[White "Pichurko, Jakub"]
[Black "Gozdzikowski, Franciszek"]
[Result "1-0"]
[WhiteElo "1628"]
[BlackElo "1523"]
[PlyCount "103"]
[EventDate "2024.01.11"]
[EventType "tourn"]
[EventRounds "1"]
[EventCountry "POL"]
[SourceDate "2024.01.10"]

1. Nf3 g6 2. g3 Bg7 3. Bg2 e5 4. d4 e4 5. Ng5 d5 6. c4 h6 7. Nh3 dxc4 8. e3 c5
9. Qa4+ Nc6 10. dxc5 Qa5+ 11. Qxa5 Nxa5 12. Nf4 Nf6 13. Nc3 Bf5 14. Nb5 O-O 15.
Nd6 Nd7 16. Bxe4 Bxe4 17. Nxe4 f5 18. Nc3 Kf7 19. Na4 Rac8 20. Bd2 Nxc5 21.
Nxc5 Bxb2 22. Bxa5 Bxa1 23. O-O Be5 24. Nd7 Rfe8 25. Nxe5+ Rxe5 26. Bc3 Ree8
$11 27. Ne2 b5 28. Nd4 a6 29. Rb1 Rb8 30. Nc6 Rb6 31. Ne5+ Kg8 32. Nd7 Rd6 33.
Nf6+ Kf7 34. Nxe8 Kxe8 35. Bd4 Kd7 36. Kf1 Kc6 37. Ke2 a5 38. a3 Rd7 39. Kd2
Rb7 40. Kc3 Kd5 41. f3 g5 42. h3 h5 43. g4 hxg4 44. hxg4 fxg4 45. e4+ Kc6 46.
fxg4 Rf7 47. Re1 Rf4 48. e5 Kd5 49. e6 Rf3+ 50. Kb2 Kxd4 51. e7 Rf2+ 52. Kb1
1-0

[Event "283rd YMCA Winter B"]
[Site "Warsaw"]
[Date "2024.03.12"]
[Round "11"]
[White "Gozdzikowski, Franciszek"]
[Black "Pasternak-Winiarski, Adam"]
[Result "0-1"]
[WhiteElo "1523"]
[BlackElo "1561"]
[PlyCount "118"]
[EventDate "2024.01.11"]
[EventType "tourn"]
[EventRounds "1"]
[EventCountry "POL"]
[SourceDate "2024.01.10"]

1. e4 c5 2. Nf3 d6 3. d4 cxd4 4. Nxd4 Nf6 5. Nc3 a6 6. Be3 e5 7. Nb3 Be6 8. f3
Be7 9. Qd2 O-O 10. O-O-O Nbd7 11. g4 b5 12. g5 Nh5 13. Kb1 Nf4 14. Bxf4 exf4
15. h4 f6 16. Nd4 Bf7 17. Nc6 Qe8 18. Nxe7+ Qxe7 19. Qxd6 Qxd6 20. Rxd6 Ne5 21.
Be2 fxg5 22. hxg5 Rfd8 23. Rhd1 Rxd6 24. Rxd6 Bh5 25. a4 Bxf3 26. Rd5 Bxe2 27.
Nxe2 f3 28. Ng3 Ng4 29. axb5 axb5 30. Rxb5 g6 31. c4 Ne3 32. c5 f2 33. c6 Rc8
34. Rc5 f1=Q+ 35. Nxf1 Nxf1 36. Kc2 Kf7 37. b4 Ke6 38. b5 Kd6 39. Rd5+ Kc7 40.
Rd7+ Kb6 41. Rb7+ Kc5 42. c7 Ne3+ 43. Kc3 Nc4 44. e5 Nxe5 45. b6 Nd7 46. Ra7
Kxb6 47. Ra2 Rxc7+ 48. Kd4 Nf8 49. Rb2+ Ka7 50. Ke5 Rf7 51. Kd6 Rf3 52. Kc7
Ne6+ 53. Kc6 Nxg5 54. Ra2+ Kb8 55. Rb2+ Kc8 56. Ra2 Kd8 57. Ra7 Ke8 58. Kd6 Kf8
59. Ke5 Rf5+ 0-1

[Event "283rd YMCA Winter B"]
[Site "Warsaw"]
[Date "2024.03.21"]
[Round "11"]
[White "Kwiecinski, Rafal"]
[Black "Pichurko, Jakub"]
[Result "1-0"]
[WhiteElo "1496"]
[BlackElo "1628"]
[PlyCount "135"]
[EventDate "2024.01.11"]
[EventType "tourn"]
[EventRounds "1"]
[EventCountry "POL"]
[SourceDate "2024.01.10"]

1. e4 c6 2. d4 d5 3. e5 Bf5 4. Nf3 e6 5. a3 c5 6. Bb5+ Nd7 7. Be3 cxd4 8. Nxd4
Ne7 9. Nc3 a6 10. Bxd7+ Qxd7 11. O-O Bg6 12. f4 h5 13. Qd2 Nf5 14. Nxf5 Bxf5
15. Ne2 Rc8 16. Nd4 Be4 17. b4 Be7 18. Rf2 O-O 19. c3 Qc7 20. Rc1 g6 21. Nb3
Rfd8 22. Bd4 Bf5 23. Qe3 Re8 24. Na5 b5 25. Bb6 Qb8 26. Bd4 Bd8 27. Nb3 Be7 28.
Nc5 Bxc5 29. Bxc5 Qc7 30. h3 Qd8 31. Kh2 Kg7 32. Bd4 Rc6 33. Rg1 Qh4 34. Rf3
Rh8 35. Rg3 Qd8 36. Rg5 a5 37. Bc5 axb4 38. axb4 Ra6 39. Qe2 Qd7 40. Rc1 Rha8
41. Qxh5 Ra2 42. Qd1 Rh8 43. Rg3 Rha8 44. c4 bxc4 45. Rxc4 Qb5 46. Rc1 Re2 47.
Be7 Qa6 48. Bf6+ Kg8 49. Rcc3 Qa2 50. Qc1 Rc2 51. Qe3 Be4 52. Rxc2 Qxc2 53. Qb6
Qc8 54. h4 Rb8 55. Rc3 Qf8 56. Qd4 g5 57. fxg5 Rxb4 58. Qf2 Qb8 59. h5 d4 60.
Rg3 d3 61. g6 fxg6 62. hxg6 Bf5 63. Qd2 Qf8 64. g7 Qc5 65. Qh6 Bh7 66. Rxd3 Rd4
67. Qxh7+ Kxh7 68. Rh3+ 1-0

[Event "283rd YMCA Winter B"]
[Site "Warsaw"]
[Date "2024.03.21"]
[Round "11"]
[White "Kuc, Mariusz"]
[Black "Jaroszuk, Marcin"]
[Result "1-0"]
[WhiteElo "1552"]
[BlackElo "1529"]
[PlyCount "183"]
[EventDate "2024.01.11"]
[EventType "tourn"]
[EventRounds "1"]
[EventCountry "POL"]
[SourceDate "2024.01.10"]

1. e4 e6 2. d4 d5 3. e5 c5 4. c3 Nc6 5. Nf3 Nge7 6. Na3 Nf5 7. Nc2 Bd7 8. dxc5
Bxc5 9. b4 Be7 10. Be2 Qc7 11. Bf4 g5 12. Nxg5 Nxe5 13. Qd2 Rc8 14. Bh5 Bxg5
15. Bxg5 Qxc3 16. Qxc3 Rxc3 17. Ne3 Nxe3 18. Bxe3 Rc2 19. O-O O-O 20. Bc5 Rc8
21. Bd1 Rc4 22. Bb3 R4xc5 23. bxc5 Rxc5 24. Rad1 a6 25. f4 Ng4 26. Rf3 Nf6 27.
Re3 Kf8 28. Rd2 Bc6 29. Bc2 Rc4 30. g3 Ng4 31. Re1 h6 32. h3 Nf6 33. g4 Rxf4
34. Rf2 Rxf2 35. Kxf2 Kg7 36. Kg3 Nd7 37. Kf4 e5+ 38. Kf5 e4 39. h4 Nc5 40. h5
f6 41. Re3 Bd7+ 42. Kf4 Ne6+ 43. Kg3 Ng5 44. Rc3 Bc6 45. Bd1 d4 46. Rc4 d3 47.
Kf4 Ne6+ 48. Ke3 Ng5 49. Ba4 Bxa4 50. Rxa4 Kf7 51. Rd4 Ke7 52. a4 Ke6 53. Rd8
Ke5 54. Re8+ Kd5 55. Rh8 Nf7 56. Rf8 Ne5 57. Kd2 Nxg4 58. Rf7 Kc6 59. Rg7 f5
60. Rf7 Kc5 61. Rxf5+ Kd4 62. Rf8 e3+ 63. Ke1 Ne5 64. a5 Kc3 65. Rd8 Nc4 66.
Rc8 Kb4 67. Rd8 Ne5 68. Rf8 Kxa5 69. Rf5 Kb4 70. Rxe5 Kc3 71. Rc5+ Kb4 72. Rc7
b5 73. Rc6 a5 74. Rxh6 a4 75. Ra6 Kc3 76. Rc6+ Kb2 77. h6 b4 78. h7 b3 79.
h8=Q+ Ka2 80. Rc1 d2+ 81. Kd1 dxc1=Q+ 82. Kxc1 a3 83. Qg8 e2 84. Kd2 Kb2 85.
Qg7+ Ka2 86. Qf7 e1=Q+ 87. Kxe1 Ka1 88. Qxb3 a2 89. Qc3+ Kb1 90. Kd2 a1=N 91.
Qc1+ Ka2 92. Kc3 1-0

[Event "283rd YMCA Winter B"]
[Site "Warsaw"]
[Date "2024.03.21"]
[Round "11"]
[White "Emmel, Bartosz"]
[Black "Kasperski, Marcin"]
[Result "0-1"]
[WhiteElo "1638"]
[BlackElo "1636"]
[PlyCount "78"]
[EventDate "2024.01.11"]
[EventType "tourn"]
[EventRounds "1"]
[EventCountry "POL"]
[SourceDate "2024.01.10"]

1. e4 e6 2. b3 Nf6 3. d3 Bb4+ 4. Bd2 Bxd2+ 5. Qxd2 d6 6. Nc3 e5 7. Nf3 h6 8. d4
exd4 9. Nxd4 O-O 10. O-O-O Nc6 11. h3 Qe7 12. Nxc6 bxc6 13. Bd3 Nd7 14. f4 Nc5
15. g4 a5 16. a4 Be6 17. Qg2 Qf6 18. Ne2 Rfb8 19. g5 hxg5 20. e5 dxe5 21. fxg5
Qe7 22. g6 f5 23. Rhf1 e4 24. Nd4 Nxd3+ 25. cxd3 Qc5+ 26. Nc2 e3 27. d4 Qc3 28.
Rfe1 f4 29. Qe4 Bxb3 30. Qd3 Qxc2+ 31. Qxc2 Bxc2 32. Kxc2 Rb4 33. Kd3 Rxa4 34.
Rc1 Rd8 35. Rxc6 Raxd4+ 36. Ke2 R8d6 37. Rxd6 Rxd6 38. Rf1 Rd2+ 39. Ke1 Rf2 0-1

[Event "283rd YMCA Winter B"]
[Site "Warsaw"]
[Date "2024.03.19"]
[Round "11"]
[White "Czerwinski, Bartlomiej"]
[Black "Mlynarski, Zbigniew"]
[Result "1-0"]
[WhiteElo "1603"]
[BlackElo "1584"]
[PlyCount "79"]
[EventDate "2024.01.11"]
[EventType "tourn"]
[EventRounds "1"]
[EventCountry "POL"]
[SourceDate "2024.01.10"]

1. d4 d6 2. c4 Nf6 3. Nc3 Bf5 4. Bg5 Nbd7 5. Nf3 h6 6. Bh4 e5 7. e3 Be7 8. Be2
O-O 9. O-O c6 10. h3 Re8 11. Re1 Qb6 12. Na4 Qa5 13. a3 Ne4 14. b4 Qc7 15. dxe5
dxe5 16. Bxe7 Rxe7 17. Qb3 Rd8 18. Red1 Ree8 19. Qb2 f6 20. c5 b6 21. cxb6 axb6
22. Bc4+ Kh7 23. Nh4 Be6 24. Qc2 Bxc4 25. Qxe4+ f5 26. Qxc4 b5 27. Qc2 bxa4 28.
Nxf5 e4 29. Nd6 Re6 30. Nxe4 Kh8 31. Nc5 Nxc5 32. Rxd8+ Qxd8 33. bxc5 Qa5 34.
Rd1 Re8 35. Qg6 Rc8 36. Qe6 Qa8 37. Rd7 Qb8 38. Qe7 Rg8 39. Rb7 Qc8 40. Qd7 1-0